000 00832nam a2200313Ia 4500
008 171025s9999 xx 000 0 und d
020 _a9788172452087
050 _a540.78
050 _bB717 2012
100 _aBonnet, Bob
245 _aScience fair projects :
245 _bchemistry /
245 _cby Bob Bonnet, Dan Keen ; illustrated by Frances Zweifel.
260 _aNew Delhi :
260 _bGoodwill,
260 _c2012
300 _a95 pages :
300 _billustrations ;
300 _c25cm.
440 _aGoodwill's.
500 _aIncludes glossary and index.
650 _aChemistry -- Experiments -- Juvenile literature.
650 _aChemistry -- Experiments.
650 _aExperiments.
700 _aKeen, Dan.
700 _aSeries.
700 _aTitle.
700 _aZweifel, Frances.
999 _c344682
_d344682